Pilato y el político /
Obra que analiza el interrogatorio de Poncio Pilatos heho a Jesús, cuando Caifás y sus sacerdotes lo llevaron ante él para que lo juzgara y sentenciara. A partir de las actitudes de Pilato, Luis de Garay elabora una comparación entre el perfil de un político genuino y del banal de segunda clase, al...
Gardado en:
| Autor Principal: | |
|---|---|
| Formato: | Libro |
| Idioma: | Lingua castelá |
| Publicado: |
México :
Jus,
1978, c1978
|
| Temas: | |
| Etiquetas: |
Sen Etiquetas, Sexa o primeiro en etiquetar este rexistro!
|
MARC
| LEADER | 00000nam^a2200000^a^4500 | ||
|---|---|---|---|
| 001 | 000303120 | ||
| 005 | 20250521000000.0 | ||
| 009 | 20260310112637.582 | ||
| 037 | |a Acervo Xavier Clavigero | ||
| 041 | |a ESP | ||
| 082 | |a 232. 962 |b GAR | ||
| 100 | |a Garay, Luis de |e (autor) | ||
| 245 | 1 | 0 | |a Pilato y el político / |c L. de Garay. |
| 264 | 4 | |a México : |b Jus, |c 1978, c1978 | |
| 300 | |a 60 p. | ||
| 336 | |a texto |b txt |2 rdacontenido | ||
| 337 | |a sin mediación |b n |2 rdamedio | ||
| 338 | |a volumen |b nc |2 rdasoporte | ||
| 520 | |a Obra que analiza el interrogatorio de Poncio Pilatos heho a Jesús, cuando Caifás y sus sacerdotes lo llevaron ante él para que lo juzgara y sentenciara. A partir de las actitudes de Pilato, Luis de Garay elabora una comparación entre el perfil de un político genuino y del banal de segunda clase, al que según el autor pertenecía Pilatos. | ||
| 649 | |a XX | ||
| 650 | |a Jesucristo - |x Juicio - |x Tema Principal | ||
| 650 | |a Políticos Romanos | ||
| 650 | |a Política y Religión | ||
| 650 | |a Cristianismo y Política | ||
| 650 | |a Religión | ||
| 650 | |a Roma - |x Historia - |y Dinastía Julia-Claudia, 31 a.C.-68 d.C. | ||
| 650 | |a Roma - |x Historia | ||
| 650 | |a Pilatos, Poncio - |x Tema Principal | ||
| 910 | |a Fondo General | ||
| 920 | |a Impresos - Libros | ||
| 930 | |a Colección General | ||
| 905 | |a 101 | ||
| 901 | |a 0500189506 |b IT1 |c ACC |u 20250521 | ||
| 902 | |a https://opac.biblio.iteso.mx/vufind/Record/000303120 | ||